000
00288nam a22001337a 4500
008
181106b xxu||||| |||| 00| 0 eng d
020
_a
9780393932928
041
_a
eng
080
_a
321
100
_a
21
101
_a
POL
245
_a
Theory Criticism
_c
Lientch.V.B
942
_2
udc
_c
BK
999
_c
52044
_d
52044